Loading...
Cheiro`s language of the hand
| Main Author: | |
|---|---|
| Format: | Printed Book |
| Published: |
New Delhi, Modern Paper Backs
1990
|
| Subjects: |
| LEADER | 004550000a22001570004500 | ||
|---|---|---|---|
| 082 | |a 133.6 N01 | ||
| 100 | |a Cheiro | ||
| 245 | |a Cheiro`s language of the hand | ||
| 260 | |a New Delhi, Modern Paper Backs | ||
| 260 | |c 1990 | ||
| 465 | |a R 15 | ||
| 650 | |a Fortune telling | ||
| 650 | |a Palmistry | ||
| 942 | |c BK | ||
| 999 | |c 2829 |d 2829 | ||
| 952 | |0 0 |1 0 |4 0 |6 133_600000000000000_N01 |7 0 |8 ENG |9 2621 |a MGUL |b MGUL |d 2013-07-16 |e R 15 |l 0 |o 133.6 N01 |p 07831 |r 2013-07-16 |w 2013-07-16 |y BK | ||